000 00794nam a22002297a 4500
005 20170124110010.0
010 _aB-031431
020 _c00.00
_a8173913838
035 _aB-031431
037 _bCen Lib/ Ret
040 _aDPL
_bEN
082 _a370
_bAGE
245 _aAgenda for education :
_cedited by Hemlata Talesra...[et al.]
_bdesign and direction /
260 _aNew Delhi
_bKanishka publishers Diostributors
_c2001
270 _a4697/5-21A,,Ansari Road Darya Ganj
_bNew Delhi
_e110002
300 _ax,365p.
_c21cm(Hb)
500 _aIncludes index
650 _aSchool management and organization -- India -- Congresses.
_974192
650 _aEducation, Higher -- India -- Congresses.
_974193
700 _aTalesra, Hemlata
_921848
942 _2ddc
_cEN
_h370
_mAGE
999 _c126482
_d126482